The noble scholar, jurist, historian


 His Excellency Dr. Abdul Wahhab bin Ibrahim Abu Sulaiman, may Allah have mercy on him.


 He was born in Umm Al-Qura in the year 1356 AH.

جماعة التبليغ أكبر حركة إصلاحية عالمية / (Record no. 14387)

MARC details
000 -LEADER
fixed length control field 01251cam a2200301 i 4500
003 - CONTROL NUMBER IDENTIFIER
control field OSt
005 - DATE AND TIME OF LATEST TRANSACTION
control field 20260220114405.0
008 - FIXED-LENGTH DATA ELEMENTS--GENERAL INFORMATION
fixed length control field 260219s2022 su g b 000 0 ara c
024 0# - OTHER STANDARD IDENTIFIER
Standard number or code 30018000232859
040 ## - CATALOGING SOURCE
Original cataloging agency SA-JeALM
Language of cataloging ara
Transcribing agency SA-RiAUC
Description conventions rda
050 #4 - LIBRARY OF CONGRESS CALL NUMBER
Item number A36 2022
082 04 - DEWEY DECIMAL CLASSIFICATION NUMBER
Classification number 217.7
Assigning agency SA-RiAUC
090 ## - LOCALLY ASSIGNED LC-TYPE CALL NUMBER (OCLC); LOCAL CALL NUMBER (RLIN)
Classification number (OCLC) (R) ; Classification number, CALL (RLIN) (NR) 217.7
Local cutter number (OCLC) ; Book number/undivided call number, CALL (RLIN) ع ب د ح
100 1# - MAIN ENTRY--PERSONAL NAME
Personal name عبدالحق المكي، عبدالحفيظ ملك
Relator term مؤلف.
245 10 - TITLE STATEMENT
Title جماعة التبليغ أكبر حركة إصلاحية عالمية /
Statement of responsibility, etc. عبدالحفيظ ملك عبدالحق المكي
250 ## - EDITION STATEMENT
Edition statement الطبعة الأولى.
264 #1 - PRODUCTION, PUBLICATION, DISTRIBUTION, MANUFACTURE, AND COPYRIGHT NOTICE
Place of production, publication, distribution, manufacture دبي - الامارات العربية المتحدة :
Name of producer, publisher, distributor, manufacturer مكتبة الحرمين :
Date of production, publication, distribution, manufacture, or copyright notice 2005
300 ## - PHYSICAL DESCRIPTION
Extent 254 صفحة ؛
Dimensions 24 سم.
336 ## - CONTENT TYPE
Content type term نص
Content type code txt
Source rdacontent
Materials specified كتاب
337 ## - MEDIA TYPE
Media type term بدون وسيط
Media type code n
Source rdamedia
338 ## - CARRIER TYPE
Carrier type term مجلد
Carrier type code nc
Source rdacarrier
500 ## - GENERAL NOTE
General note ختم اهداء من حسن بن شعيب الى الشيخ رحمه الله .
610 27 - SUBJECT ADDED ENTRY--CORPORATE NAME
Corporate name or jurisdiction name as entry element جماعة التبليغ
Source of heading or term aucnm
650 #7 - SUBJECT ADDED ENTRY--TOPICAL TERM
Topical term or geographic name entry element الأصولية الإسلامية
General subdivision تاريخ
Source of heading or term aucsh
650 #7 - SUBJECT ADDED ENTRY--TOPICAL TERM
Topical term or geographic name entry element الحركات الإسلامية
General subdivision تاريخ
Source of heading or term aucsh
942 ## - ADDED ENTRY ELEMENTS (KOHA)
Source of classification or shelving scheme Dewey Decimal Classification
Koha item type Books
Suppress in OPAC No
949 ## - LOCAL PROCESSING INFORMATION (OCLC)
a SA-JeALM
d 260219
u osman123
n 1
Holdings
Withdrawn status Lost status Source of classification or shelving scheme Damaged status Not for loan Collection Home library Current library Date acquired Total checkouts Full call number Barcode Date last seen Price effective from Koha item type
    Dewey Decimal Classification     اهداء DR AbdElwahab Library DR AbdElwahab Library 02/20/2026   217.7 ع ب د ح 000022808 02/20/2026 02/20/2026 Books